000 00642nam a2200157 4500
999 _c16972
_d16972
008 220525b ||||| |||| 00| 0 eng d
022 _a0117-3308
082 _aDPer 004.1105 C73 Sept 2010 - April 2011 v. 20 n. 3-9
100 _aKrill, Paul.
_945131
245 _aDevelopers' garbage collection dilemma:
_bnew tools try to improve memory management without slowing down the system, as traditional methods can/
_cPaul Krill.
260 _aPhilippines:
_bSchneider Electric,
_c©2010-2011.
300 _av20 n7, page 45:
_bcolor illustrations;
_c27 cm.
500 _aComputer world.
650 _aComputers
_xSystems.
_945221
942 _2ddc
_cPER